01430 2200289 4500001002100000005001500021035002000036007000300056008004100059020001800100082001000118084001600128100003000144245016400174250002000338300002900358650003400387700003000421700002400451505052900475264003001004336002101034337003001055338002301085990001601108990001601124INLIS00000000000023420260420101316 a0010-0426000233ta260420 g 0 ind  a9789792935769 a005.1 a005.1 SID a0 aSidik NurcahyoePengarang1 aAVR atmel - obect oriented programming using c++ /cSidik Nurcahyo ; editor, Westriningsih ; setting, Basuki ; desain cover, dan_dut ; korektor, Thomas Pribadi acetakan pertama a200 halaman ;c21 cmeCD 4aBahasa pemrograman (Komputer)0 aWestriningsihePenyunting0 adan_duteIlustrator aBuku ini membahas penerapan pemrograman berorientasi objek menggunakan bahasa C++ pada mikrokontroler AVR Atmel. Materi mencakup konsep dasar C++, prinsip object-oriented programming (OOP), serta implementasinya dalam pengembangan sistem tertanam. Dilengkapi dengan contoh program dan studi kasus, buku ini membantu pembaca memahami cara mengembangkan aplikasi berbasis mikrokontroler secara lebih terstruktur dan efisien. Cocok bagi mahasiswa dan praktisi yang ingin mempelajari pemrograman embedded system menggunakan C++. aYogyakarta :bANDI,c2013 2rdacontentateks 2rdamediaatanpa perantara 2rdacarrieravolume aPP000425/19 aPP000438/19